| Поле | Название | Значение |
| |
Тип записи |
c |
| |
Библиографический уровень |
m |
| 001 |
Контрольный номер |
RU/УОНБ/EK_N/389966758 |
| 005 |
Дата корректировки |
20240323140649.7 |
| 010 |
Индекс ISBN |
__ |
| 9 |
Тираж |
5000 экз. |
| 013 |
Номер (ISMN) |
__ |
| d |
Цена |
1 р. 10 к.. |
| 071 |
Издательские номер (звукозапись и ноты) |
21 |
| a |
Номер, присвоенный агентством |
10990 |
| 100 |
Данные общей обработки |
__ |
| a |
Данные общей обработки |
20120510d1980 u y0rusy0189||||ca |
| 101 |
Язык документа |
0_ |
| a |
Язык текста |
rus |
| 102 |
Страна публикации |
__ |
| a |
Страна публикации |
RU |
| 105 |
Кодированные данные (монография) |
__ |
| a |
Кодированные данные (монография) |
y###||||000|y |
| 125 |
Кодированные данные звукозаписи и нотных изданий |
__ |
| a |
Форма изложения нотного текста |
а| |
| 128 |
Кодированные данные (звукозаписи-физические характеристики) |
__ |
| a |
Кодированные данные: Музыкальная форма и тональность или лад |
zz |
| b |
Инструменты или голоса, необходимые для ансамблей (устаревшее) |
oz|| |
| 200 |
Заглавие и сведения об ответственности |
1_ |
| a |
Заглавие |
Вып. 6 |
| 210 |
Выходные данные |
1_ |
| d |
Дата издания |
1980 |
| 215 |
Физическое описание |
__ |
| a |
Объем |
79 c. |
| 327 |
Примечание о содержании |
11 |
| a |
Примечание о содержании |
Содерж. : Мовсесян Г. Легенды расскажут / сл. В. Гина. - Саульский Ю. Ты рядом - ты здесь / сл. И. Шаферана. - Зацепин А. Ищу тебя : из кф "31 июня" / сл. Л. Дербенева. - Рубашевский В. Жизнь, наша жизнь / сл. И. Кашежевой. - Добрынин В. Ты мне не снишься / сл. М. Рябинина. - Чугунов Ю. Интермеццо. - Гроховский В. Миниатюра. |
| 461 |
Уровень набора |
_0 |
| 1 |
|
001RU/УОНБ/EK_N/389965072 |
| 1 |
|
200 |
| a |
|
Вокально-инструментальные ансамбли |
| b |
|
[Ноты] |
| v |
|
Вып. 6 |
| 1 |
|
210 |
| a |
|
М. |
| c |
|
Музыка |
| d |
|
1980 |
| 464 |
Аналитический уровень |
_0 |
| 1 |
|
2001 |
| a |
|
Легенды расскажут |
| e |
|
Двадцатые годы над миром летели... |
| 1 |
|
700 1 |
| a |
|
Мовсесян |
| b |
|
Г. |
| 1 |
|
702 1 |
| a |
|
Гин |
| b |
|
В. |
| 4 |
|
520 |
| 464 |
Аналитический уровень |
_0 |
| 1 |
|
2001 |
| a |
|
Ты рядом - ты здесь |
| e |
|
Я знал, что где-то ты есть... |
| 1 |
|
700 1 |
| a |
|
Саульский |
| b |
|
Ю. |
| 1 |
|
702 1 |
| a |
|
Шаферан |
| b |
|
И. |
| 4 |
|
520 |
| 464 |
Аналитический уровень |
_0 |
| 1 |
|
2001 |
| a |
|
Ищу тебя |
| e |
|
Всегда быть рядом не могут люди... |
| e |
|
из кф "31 июня" |
| 1 |
|
700 1 |
| a |
|
Зацепин |
| b |
|
А. |
| 1 |
|
702 1 |
| a |
|
Дербенев |
| b |
|
Л. |
| 4 |
|
520 |
| 1 |
|
50010 |
| a |
|
31 июня |
| 464 |
Аналитический уровень |
_0 |
| 1 |
|
2001 |
| a |
|
Жизнь, наша жизнь |
| e |
|
Жизнь нам дана однажды... |
| 1 |
|
700 1 |
| a |
|
Рубашевский |
| b |
|
В. |
| 1 |
|
702 1 |
| a |
|
Кашежева |
| b |
|
И. |
| 4 |
|
520 |
| 464 |
Аналитический уровень |
_0 |
| 1 |
|
2001 |
| a |
|
Ты мне не снишься |
| e |
|
Ты мне не снишься вот уж неделю... |
| 1 |
|
700 1 |
| a |
|
Добрынин |
| b |
|
В. |
| 1 |
|
702 1 |
| a |
|
Рябинин |
| b |
|
М. |
| 4 |
|
520 |
| 464 |
Аналитический уровень |
_0 |
| 1 |
|
2001 |
| a |
|
Интермеццо |
| 1 |
|
700 1 |
| a |
|
Чугунов |
| b |
|
Ю. |
| 4 |
|
230 |
| 464 |
Аналитический уровень |
_0 |
| 1 |
|
2001 |
| a |
|
Миниатюра |
| 1 |
|
700 1 |
| a |
|
Гроховский |
| b |
|
В. |
| 4 |
|
230 |
| 606 |
Тематические рубрики |
0_ |
| a |
Основная рубрика |
Ансамбли вокально-инструментальные |
| 610 |
Ключевые слова |
0_ |
| a |
Ключевые слова |
ансамбли вокально-инструментальные |
| 686 |
Индексы других классификаций |
__ |
| a |
Классификационный индекс |
85.942.8я43 |
| 2 |
Код системы |
rubbk |
| 801 |
Источник записи |
_0 |
| a |
Страна |
RU |
| b |
Организация |
Ульяновская ОНБ |
| c |
Дата составления |
20120510 |
| g |
Правила каталогизации |
RCR |
| 801 |
Источник записи |
_1 |
| a |
Страна |
RU |
| b |
Организация |
Ульяновская ОНБ |
| c |
Дата составления |
20120510 |
| g |
Правила каталогизации |
RCR |
| 901 |
Тип документа |
__ |
| t |
Тип документа |
n |
| w |
Контрольный № источника |
RU/УОНБ/EK_N/389965072 |
| 909 |
Создатель записи |
__ |
| a |
Создатель записи |
Лобина Л. И. |
| 938 |
Служебная информация |
__ |
| a |
Имя БД |
noti |
| b |
Имя библиотеки |
УОНБ |
| c |
Имя АИБС |
МАРК-SQL |
| d |
Номер DOC_ID в БД |
10093 |